[Event "Labour Day op"]
[Site "Toronto CAN"]
[Date "2008.09.01"]
[Round "6.8"]
[White "Zeromskis, Egidijus"]
[Black "Fiedler, Brian"]
[Result "1-0"]
[WhiteElo "2229"]
[BlackElo "2132"]
[PlyCount "101"]
[GameId "2160767910328277"]
[EventDate "2008.08.30"]
[EventType "swiss"]
[EventRounds "6"]
[EventCountry "CAN"]

1. e4 g6 2. d4 Bg7 3. Nf3 d6 4. Bd3 Nf6 5. h3 O-O 6. Be3 Nc6 7. Qd2 d5 8. Nc3 Nb4 9. e5 Nxd3+ 10. cxd3 Ne8 11. Bh6 f6 12. Bxg7 Kxg7 13. O-O-O c5 14. dxc5 d4 15. Nb5 Qd5 16. exf6+ Rxf6 17. Nbxd4 Qxa2 18. Qc3 Nc7 19. Rhe1 Be6 20. Ng5 Kg8 21. Ngxe6 Nxe6 22. Nxe6 Rxe6 23. Rxe6 Qxe6 24. Re1 Qd7 25. Qc4+ Kh8 26. Qf7 Re8 27. d4 b6 28. Qf4 bxc5 29. Qe5+ Kg8 30. dxc5 Rc8 31. b4 a5 32. Rd1 Qc6 33. Qd5+ Qxd5 34. Rxd5 axb4 35. Kb2 Kf7 36. Kb3 Ke6 37. Kc4 b3 38. Rd3 Rf8 39. f3 b2 40. Rb3 Rf4+ 41. Kb5 Kd7 42. Rxb2 Rf6 43. Ra2 g5 44. Ra7+ Kd8 45. c6 Rf4 46. Ra4 Rxa4 47. Kxa4 Kc7 48. Kb5 h5 49. Kc5 e6 50. g4 hxg4 51. hxg4 1-0

[Event "Labour Day op U1800"]
[Site "Toronto CAN"]
[Date "2008.08.31"]
[Round "4"]
[White "Medvedev, Gennadi"]
[Black "Kurkowski, Ken"]
[Result "1-0"]
[WhiteElo "1700"]
[BlackElo "1681"]
[PlyCount "71"]
[GameId "2160767910328278"]
[EventDate "2008.08.30"]
[EventType "swiss"]
[EventRounds "6"]
[EventCountry "CAN"]

1. e4 c5 2. Nf3 g6 3. Bc4 Bg7 4. c3 Nc6 5. O-O Nf6 6. Re1 d6 7. d4 cxd4 8. cxd4 O-O 9. h3 Nxe4 10. Rxe4 d5 11. Bxd5 Qxd5 12. Nc3 Qd8 13. d5 Bf5 14. Rc4 Ne5 15. Nxe5 Bxe5 16. Bf4 Bxf4 17. Rxf4 Qd6 18. Rd4 Rfd8 19. Qd2 Rac8 20. Rd1 a6 21. Qh6 Qf6 22. g4 Bd7 23. Ne4 Qg7 24. Qxg7+ Kxg7 25. d6 exd6 26. Rxd6 Rc7 27. g5 Kf8 28. Nf6 Ke7 29. Nxh7 Rdc8 30. R6d3 Bxh3 31. Rxh3 Ke6 32. Re3+ Kf5 33. Rd5+ Kg4 34. Nf6+ Kh4 35. Re4+ Kh3 36. Rd3# 1-0

[Event "Labour Day op U1800"]
[Site "Toronto CAN"]
[Date "2008.09.01"]
[Round "5"]
[White "Bellomo, Joe"]
[Black "Kurkowski, Ken"]
[Result "0-1"]
[WhiteElo "1760"]
[BlackElo "1681"]
[PlyCount "54"]
[GameId "2160767910328279"]
[EventDate "2008.08.30"]
[EventType "swiss"]
[EventRounds "6"]
[EventCountry "CAN"]
[SourceTitle "EXT 2011"]
[Source "ChessBase"]
[SourceDate "2011.11.26"]
[SourceVersion "1"]
[SourceVersionDate "2011.11.26"]
[SourceQuality "1"]

1. e4 c5 2. Nf3 g6 3. Bc4 Bg7 4. O-O Nc6 5. a3 Nf6 6. d3 O-O 7. Nbd2 e6 8. Re1 d5 9. exd5 exd5 10. Ba2 Re8 11. Rxe8+ Qxe8 12. h3 Bd7 13. Nf1 Rd8 14. Bg5 Ne5 15. Bxf6 Bxf6 16. Bxd5 Bxh3 17. Bxf7+ Qxf7 18. Nxe5 Bxe5 19. gxh3 Bxb2 20. Rb1 Bd4 21. Ne3 Rf8 22. Qe2 b6 23. Rf1 Qe6 24. Qg4 Qxg4+ 25. hxg4 Rf4 26. Kg2 Kf7 27. Kg3 Bxe3 0-1

[Event "Labour Day op U2000"]
[Site "Toronto CAN"]
[Date "2008.08.30"]
[Round "1"]
[White "Armstrong, Robert J"]
[Black "Nanewadekar, Mihir"]
[Result "0-1"]
[WhiteElo "1839"]
[BlackElo "1953"]
[PlyCount "38"]
[GameId "2160767910328280"]
[EventDate "2008.08.30"]
[EventType "swiss"]
[EventRounds "6"]
[EventCountry "CAN"]
[SourceTitle "EXT 2011"]
[Source "ChessBase"]
[SourceDate "2011.11.26"]
[SourceVersion "1"]
[SourceVersionDate "2011.11.26"]
[SourceQuality "1"]

1. d4 Nf6 2. c4 c5 3. d5 b5 4. cxb5 a6 5. Nc3 axb5 6. Nxb5 Qa5+ 7. Nc3 Ba6 8. Bd2 Qc7 9. e4 Bxf1 10. Kxf1 g6 11. Nf3 d6 12. g3 Bg7 13. Kg2 O-O 14. Re1 Nbd7 15. Bf4 Nh5 16. Qd2 Nxf4+ 17. Qxf4 Ne5 18. h4 Rfb8 19. a4 Qa5 0-1

[Event "Labour Day op U2000"]
[Site "Toronto CAN"]
[Date "2008.08.30"]
[Round "2"]
[White "Armstrong, Robert J"]
[Black "Moysoski, Randy"]
[Result "0-1"]
[WhiteElo "1839"]
[BlackElo "1919"]
[PlyCount "62"]
[GameId "2160767910328281"]
[EventDate "2008.08.30"]
[EventType "swiss"]
[EventRounds "6"]
[EventCountry "CAN"]
[SourceTitle "EXT 2011"]
[Source "ChessBase"]
[SourceDate "2011.11.26"]
[SourceVersion "1"]
[SourceVersionDate "2011.11.26"]
[SourceQuality "1"]

1. d4 Nf6 2. c4 e5 3. dxe5 Ng4 4. Nf3 Nc6 5. e4 Ngxe5 6. Be2 Bc5 7. O-O d6 8. Nc3 a6 9. Nd5 O-O 10. Rb1 f5 11. b4 Ba7 12. Nxe5 Nxe5 13. Bb2 c6 14. Bxe5 dxe5 15. Nc3 Bd4 16. Qc2 Qg5 17. Kh1 f4 18. Bf3 Bg4 19. Bxg4 Qxg4 20. f3 Qh4 21. Ne2 Be3 22. c5 Rf6 23. g3 fxg3 24. Nxg3 Bf4 25. Rg1 Rh6 26. Qg2 Rf8 27. Rb2 Rg6 28. Qf2 Rd8 29. Nf5 Qxf2 30. Rxf2 Rxg1+ 31. Kxg1 g6 0-1

[Event "Labour Day op U2000"]
[Site "Toronto CAN"]
[Date "2008.08.31"]
[Round "3"]
[White "Samaroo, Muneshwar"]
[Black "Armstrong, Robert J"]
[Result "0-1"]
[WhiteElo "1592"]
[BlackElo "1839"]
[PlyCount "70"]
[GameId "2160767910328282"]
[EventDate "2008.08.30"]
[EventType "swiss"]
[EventRounds "6"]
[EventCountry "CAN"]
[SourceTitle "EXT 2011"]
[Source "ChessBase"]
[SourceDate "2011.11.26"]
[SourceVersion "1"]
[SourceVersionDate "2011.11.26"]
[SourceQuality "1"]

1. e4 g6 2. Nf3 Bg7 3. d4 d6 4. b3 Nf6 5. Nc3 O-O 6. Bb2 c6 7. Bd3 b5 8. h3 Bb7 9. O-O Nbd7 10. Re1 Nh5 11. Ne2 Qc7 12. c4 bxc4 13. bxc4 c5 14. Qc2 Rab8 15. Bc3 a6 16. d5 e5 17. a4 Rbe8 18. a5 Bc8 19. Bd2 Nf4 20. Nxf4 exf4 21. Rab1 Ne5 22. Nxe5 Bxe5 23. Be2 Qd8 24. f3 Bd4+ 25. Kh1 Qh4 26. Bf1 Qf2 27. Be2 Bxh3 28. gxh3 Qg3 29. Bxf4 Qxf4 30. Kg2 Re5 31. Rh1 Rg5+ 32. Kf1 Qe3 33. Bd1 Rg1+ 34. Rxg1 Qxg1+ 35. Ke2 Qf2+ 0-1

[Event "Labour Day op U2000"]
[Site "Toronto CAN"]
[Date "2008.08.31"]
[Round "4"]
[White "Bzikot, Robert"]
[Black "Shah, Omar"]
[Result "1/2-1/2"]
[WhiteElo "1915"]
[BlackElo "1976"]
[PlyCount "115"]
[GameId "2160767910328283"]
[EventDate "2008.08.30"]
[EventType "swiss"]
[EventRounds "6"]
[EventCountry "CAN"]
[SourceTitle "hb 2019"]

1. e4 c5 2. Nf3 d6 3. d4 cxd4 4. Nxd4 Nf6 5. Nc3 a6 6. Bg5 e6 7. f4 b5 8. a3 Bb7 9. Be2 Be7 10. Bf3 Nbd7 11. O-O O-O 12. Kh1 Rc8 13. Qe2 Rc4 14. Rad1 Qb6 15. Nb3 e5 16. f5 Re8 17. Be3 Qc7 18. Nd2 Rxc3 19. bxc3 Qxc3 20. Qd3 Rc8 21. Rc1 Qa5 22. c4 Nc5 23. Bxc5 dxc5 24. Qe3 Rd8 25. Rfd1 Rd4 26. g4 h6 27. h4 Qd8 28. Nb3 Bxe4 29. Nxd4 exd4 30. Qe2 Qa8 31. Rf1 Bxf3+ 32. Qxf3 Qxf3+ 33. Rxf3 Nxg4 34. Rf4 Ne5 35. Re4 Bd6 36. cxb5 Nd3 37. Re8+ Kh7 38. Rb1 axb5 39. Rxb5 c4 40. Rd5 Bc5 41. Rc8 Bxa3 42. Rxd4 Ne5 43. h5 Be7 44. Rdxc4 Nxc4 45. Rxc4 Bd6 46. Rd4 Be5 47. Rd5 Bf6 48. Rb5 Bd4 49. Kg2 Bc3 50. Kf3 Bd4 51. Ke4 Bc3 52. Kd5 Bf6 53. Rb7 Bc3 54. Rxf7 Bb2 55. Rb7 Bc3 56. Rb6 Ba1 57. Ra6 Bb2 58. Ra2 1/2-1/2

[Event "Labour Day op U2000"]
[Site "Toronto CAN"]
[Date "2008.08.31"]
[Round "4"]
[White "Khaiter, Dennis"]
[Black "Armstrong, Robert J"]
[Result "0-1"]
[WhiteElo "1704"]
[BlackElo "1839"]
[PlyCount "90"]
[GameId "2160767910328284"]
[EventDate "2008.08.30"]
[EventType "swiss"]
[EventRounds "6"]
[EventCountry "CAN"]
[SourceTitle "EXT 2011"]
[Source "ChessBase"]
[SourceDate "2011.11.26"]
[SourceVersion "1"]
[SourceVersionDate "2011.11.26"]
[SourceQuality "1"]

1. Nf3 g6 2. c4 Bg7 3. d4 Nf6 4. Nc3 O-O 5. e4 d6 6. Be2 Nc6 7. O-O e5 8. d5 Ne7 9. Ne1 Nd7 10. f3 f5 11. g4 fxg4 12. fxg4 a5 13. Nd3 b6 14. a3 Nc5 15. Rxf8+ Bxf8 16. Be3 h6 17. g5 Kh7 18. h4 Nxd3 19. Qxd3 Bd7 20. Rf1 Qe8 21. gxh6 Bxh6 22. Bxh6 Kxh6 23. Qe3+ Kh7 24. Qg5 Ng8 25. h5 Rc8 26. Kg2 c6 27. Rh1 Kg7 28. Kf2 Qf7+ 29. Ke3 Qf6 30. Qg3 g5 31. Rf1 Qf4+ 32. Qxf4 exf4+ 33. Kd4 c5+ 34. Kd3 Rf8 35. Nb5 Bxb5 36. cxb5 Nh6 37. e5 dxe5 38. Ke4 Kf6 39. Rg1 Rg8 40. d6 Nf5 41. Kd5 Rd8 42. Ke4 Ng3+ 43. Kf3 Nxe2 44. Kxe2 Rxd6 45. h6 Rd7 0-1

[Event "Labour Day op U2000"]
[Site "Toronto CAN"]
[Date "2008.09.01"]
[Round "5"]
[White "Armstrong, Robert J"]
[Black "Liu, Steven2"]
[Result "1-0"]
[WhiteElo "1839"]
[BlackElo "1736"]
[PlyCount "55"]
[GameId "2160767910328285"]
[EventDate "2008.08.30"]
[EventType "swiss"]
[EventRounds "6"]
[EventCountry "CAN"]
[SourceTitle "EXT 2011"]
[Source "ChessBase"]
[SourceDate "2011.11.26"]
[SourceVersion "1"]
[SourceVersionDate "2011.11.26"]
[SourceQuality "1"]

1. d4 Nf6 2. c4 e6 3. Nf3 Bb4+ 4. Bd2 Bxd2+ 5. Qxd2 O-O 6. Nc3 d5 7. e3 b6 8. Bd3 dxc4 9. Bxc4 Bb7 10. Qe2 Nbd7 11. O-O Qe7 12. e4 e5 13. d5 h6 14. Nh4 g6 15. Nxg6 Qd8 16. Nxf8 Qxf8 17. Kh1 Qg7 18. f4 a6 19. Rf3 Kh7 20. Raf1 exf4 21. Rxf4 b5 22. Bd3 Kh8 23. e5 Nxd5 24. Rxf7 Nxc3 25. bxc3 Qxe5 26. Rh7+ Kg8 27. Qg4+ Qg5 28. Qe6# 1-0

[Event "Labour Day op U2000"]
[Site "Toronto CAN"]
[Date "2008.09.01"]
[Round "6"]
[White "Armstrong, Robert J"]
[Black "Wu, Aaron"]
[Result "0-1"]
[WhiteElo "1839"]
[BlackElo "1790"]
[PlyCount "88"]
[GameId "2160767910328286"]
[EventDate "2008.08.30"]
[EventType "swiss"]
[EventRounds "6"]
[EventCountry "CAN"]
[SourceTitle "EXT 2011"]
[Source "ChessBase"]
[SourceDate "2011.11.26"]
[SourceVersion "1"]
[SourceVersionDate "2011.11.26"]
[SourceQuality "1"]

1. d4 Nf6 2. c4 e6 3. Nf3 b6 4. e3 Bb7 5. Bd3 d5 6. O-O Bd6 7. Nc3 c6 8. Qe2 O-O 9. e4 dxe4 10. Nxe4 Nxe4 11. Bxe4 Nd7 12. b3 Nf6 13. Bc2 Qc7 14. Bg5 Be7 15. Qd3 g6 16. Ne5 Ng4 17. Bf4 Nxe5 18. Bxe5 Bd6 19. f4 Rad8 20. Rad1 Bxe5 21. fxe5 c5 22. Qe3 cxd4 23. Rxd4 Rxd4 24. Qxd4 Rd8 25. Qf4 Rd7 26. h4 Qc5+ 27. Kh2 Qd4 28. Qf2 Qxe5+ 29. Kh1 Qd4 30. Qg3 Qd6 31. Qf2 Qd2 32. Qg3 Qxc2 33. Qb8+ Kg7 34. Qe5+ Kf8 35. Qh8+ Ke7 36. Qf6+ Kd6 37. Rf2 Qd1+ 38. Rf1 Qg4 39. Rf2 Kc7 40. Qe5+ Kc8 41. Qh8+ Rd8 42. Qxh7 Qh3+ 43. Kg1 Rd1+ 44. Rf1 Qxg2# 0-1

[Event "Lanaudiere"]
[Site "Repentigny CAN"]
[Date "2008.08.15"]
[Round "1"]
[White "Chevalier, Francois"]
[Black "Forget, David"]
[Result "0-1"]
[WhiteElo "1778"]
[BlackElo "1949"]
[PlyCount "42"]
[GameId "2160767910336644"]
[EventDate "2008.08.15"]
[EventType "swiss"]
[EventRounds "5"]
[EventCountry "CAN"]
[SourceTitle "FQE 04"]

1. d4 d5 2. c4 c6 3. cxd5 cxd5 4. Nf3 Nc6 5. Nc3 Nf6 6. Bf4 Qb6 7. Na4 Qa5+ 8. Bd2 Qd8 9. Bf4 e6 10. Nc3 Ne4 11. e3 Bb4 12. Rc1 Qa5 13. Qb3 Bd7 14. Bd3 Nxd4 15. Nxd4 Ba4 16. Bb5+ Bxb5 17. Ndxb5 Qxb5 18. f3 Bxc3+ 19. bxc3 Qxb3 20. axb3 Nc5 21. O-O Nxb3 0-1

[Event "Lanaudiere"]
[Site "Repentigny CAN"]
[Date "2008.08.15"]
[Round "1"]
[White "Desjardins, Michel"]
[Black "Bolduc, Steve"]
[Result "0-1"]
[WhiteElo "1928"]
[BlackElo "2314"]
[PlyCount "62"]
[GameId "2160767910336645"]
[EventDate "2008.08.15"]
[EventType "swiss"]
[EventRounds "5"]
[EventCountry "CAN"]
[SourceTitle "EXT 2011"]
[Source "ChessBase"]
[SourceDate "2011.11.26"]
[SourceVersion "1"]
[SourceVersionDate "2011.11.26"]
[SourceQuality "1"]

1. e4 c5 2. Nc3 Nc6 3. g3 g6 4. Bg2 Bg7 5. d3 d6 6. Be3 Nf6 7. h3 Rb8 8. Qd2 O-O 9. Bh6 Nd4 10. Bxg7 Kxg7 11. Nge2 e5 12. g4 b5 13. O-O b4 14. Nd1 h5 15. f3 d5 16. c3 Nxe2+ 17. Qxe2 dxe4 18. dxe4 Rb6 19. c4 Rd6 20. Rf2 Rd4 21. Ne3 hxg4 22. hxg4 Nh7 23. Nd5 Qg5 24. Rd1 a5 25. b3 Be6 26. Rxd4 cxd4 27. Qd2 Qh4 28. Bh1 Ng5 29. Qe2 Nh3+ 30. Kg2 Bxd5 31. exd5 Nf4+ 0-1

[Event "Lanaudiere"]
[Site "Repentigny CAN"]
[Date "2008.08.15"]
[Round "1"]
[White "Jobin, Gilles G"]
[Black "Forget, Luc"]
[Result "0-1"]
[WhiteElo "1804"]
[BlackElo "2157"]
[PlyCount "73"]
[GameId "2160767910336647"]
[EventDate "2008.08.15"]
[EventType "swiss"]
[EventRounds "5"]
[EventCountry "CAN"]
[SourceTitle "EXT 2011"]
[Source "ChessBase"]
[SourceDate "2011.11.26"]
[SourceVersion "1"]
[SourceVersionDate "2011.11.26"]
[SourceQuality "1"]

1. e4 c6 2. d4 d5 3. e5 Bf5 4. Bd3 Bxd3 5. Qxd3 e6 6. Nf3 Nd7 7. O-O Qc7 8. Nc3 a6 9. Ng5 g6 10. Qh3 Bg7 11. f4 Nf8 12. Be3 h5 13. Na4 Nh6 14. Kh1 Nf5 15. Bg1 Nd7 16. b4 Nb6 17. Nb2 Rh6 18. a4 Bf8 19. Qb3 h4 20. a5 Nc8 21. c4 Be7 22. Rf3 Bxg5 23. fxg5 Rh5 24. cxd5 cxd5 25. Be3 Nce7 26. Rc1 Nc6 27. Qc3 Qe7 28. Rxf5 gxf5 29. Nd3 Rxg5 30. Bxg5 Qxg5 31. Nc5 Nxd4 32. Nxb7 Ne2 33. Qc6+ Kf8 34. Rc2 Qf4 35. Qc5+ Kg7 36. h3 Ng3+ 37. Kh2 0-1

[Event "Lanaudiere"]
[Site "Repentigny CAN"]
[Date "2008.08.15"]
[Round "1"]
[White "Lacroix, Serge"]
[Black "Ye, Ling Feng"]
[Result "0-1"]
[WhiteElo "1848"]
[BlackElo "2215"]
[PlyCount "78"]
[GameId "2160767910336649"]
[EventDate "2008.08.15"]
[EventType "swiss"]
[EventRounds "5"]
[EventCountry "CAN"]
[SourceTitle "FQE 04"]

1. d4 d5 2. c4 e6 3. Nf3 Nf6 4. Bg5 Be7 5. Nc3 Nbd7 6. e3 O-O 7. Rc1 a6 8. Bd3 dxc4 9. Bxc4 b5 10. Bd3 Bb7 11. O-O c5 12. dxc5 Nxc5 13. Bb1 Qa5 14. Qc2 Ncd7 15. Rfd1 Rfd8 16. Bxf6 Nxf6 17. Rxd8+ Rxd8 18. Ne5 b4 19. Nc4 Qh5 20. Ne2 Qg5 21. Ng3 h5 22. f4 Qc5 23. h3 g6 24. Kh2 a5 25. b3 h4 26. Nf1 Ne4 27. Rd1 Bd5 28. Ne5 Qxc2 29. Bxc2 Nc3 30. Rd2 Bf6 31. g3 Bxe5 32. fxe5 Rc8 33. Bd3 a4 34. gxh4 a3 35. Rc2 Rd8 36. Bc4 Bxc4 37. bxc4 b3 38. axb3 a2 39. Rc1 Nb1 0-1

[Event "Lanaudiere"]
[Site "Repentigny CAN"]
[Date "2008.08.15"]
[Round "1"]
[White "Le Duin, Thierry"]
[Black "Allard, Laurent"]
[Result "1-0"]
[WhiteElo "1967"]
[BlackElo "1784"]
[PlyCount "41"]
[GameId "2160767910336650"]
[EventDate "2008.08.15"]
[EventType "swiss"]
[EventRounds "5"]
[EventCountry "CAN"]
[SourceTitle "FQE 04"]

1. d4 Nf6 2. Nf3 g6 3. Bg5 Bg7 4. Nbd2 O-O 5. e3 d6 6. Bc4 Nbd7 7. O-O c5 8. c3 Rb8 9. a3 b5 10. Bb3 Bb7 11. Re1 Qb6 12. h3 e6 13. Rc1 Ne4 14. Nxe4 Bxe4 15. Nd2 Bb7 16. Qg4 Rfe8 17. h4 Nf6 18. Bxf6 Bxf6 19. h5 Kg7 20. Qf4 e5 21. h6+ 1-0

[Event "Lanaudiere"]
[Site "Repentigny CAN"]
[Date "2008.08.15"]
[Round "1"]
[White "Nunez-Painchaud, Raphael"]
[Black "De Lagrave, Sylvain"]
[Result "0-1"]
[WhiteElo "1800"]
[BlackElo "2025"]
[PlyCount "104"]
[GameId "2160767910336651"]
[EventDate "2008.08.15"]
[EventType "swiss"]
[EventRounds "5"]
[EventCountry "CAN"]
[SourceTitle "FQE 04"]

1. c4 e5 2. g3 g6 3. Bg2 Bg7 4. Nc3 Nc6 5. d3 d6 6. Nf3 Nge7 7. O-O O-O 8. Rb1 a5 9. a3 f5 10. Bd2 h6 11. b4 axb4 12. axb4 g5 13. b5 Nb8 14. Ne1 Nd7 15. Nc2 Nf6 16. Nb4 Qe8 17. e3 f4 18. d4 Bg4 19. f3 Bf5 20. dxe5 dxe5 21. e4 Be6 22. Ncd5 Nfxd5 23. Nxd5 Nxd5 24. cxd5 Bd7 25. Qb3 Kh8 26. Rfc1 Qb8 27. g4 Rc8 28. Bf1 Qa7+ 29. Kg2 Qa2 30. Rc2 Qxb3 31. Rxb3 Bf8 32. Be1 Bd6 33. Bf2 b6 34. Rb1 Ra4 35. h4 Kg7 36. hxg5 hxg5 37. Rbc1 Raa8 38. Be2 Kf6 39. Rh1 Rh8 40. Rxh8 Rxh8 41. Ra2 Rb8 42. Ra7 Ke7 43. Bd3 Rc8 44. Kf1 Bb4 45. Ke2 Kd6 46. Ra1 Rh8 47. Bg1 Bc5 48. Bxc5+ Kxc5 49. Kd2 Rh2+ 50. Kc3 Rf2 51. Ra7 Kd6 52. Ra8 Rxf3 0-1

[Event "Lanaudiere"]
[Site "Repentigny CAN"]
[Date "2008.08.15"]
[Round "1"]
[White "Ramaswamy, Kishor"]
[Black "Arseneault, Marc"]
[Result "1-0"]
[WhiteElo "2185"]
[BlackElo "1809"]
[PlyCount "103"]
[GameId "2160767910336652"]
[EventDate "2008.08.15"]
[EventType "swiss"]
[EventRounds "5"]
[EventCountry "CAN"]
[SourceTitle "FQE 04"]

1. d4 d5 2. Nf3 Nf6 3. Bf4 e6 4. e3 c5 5. c3 a6 6. Nbd2 Nc6 7. Bd3 cxd4 8. exd4 h6 9. Ne5 Bd6 10. O-O Qc7 11. Re1 b5 12. a3 Bb7 13. Qe2 O-O 14. Bg3 Na5 15. f4 Nc4 16. Nf1 Ne4 17. Bxe4 dxe4 18. Nxc4 bxc4 19. f5 exf5 20. Bxd6 Qxd6 21. Ne3 f4 22. Nxc4 Qg6 23. Ne5 Qg5 24. Qg4 Qxg4 25. Nxg4 f6 26. c4 Rfd8 27. d5 Rac8 28. Rac1 e3 29. h3 a5 30. b4 axb4 31. axb4 Bxd5 32. cxd5 Rxc1 33. Rxc1 Rxd5 34. Kf1 Rd2 35. Rb1 Rd6 36. b5 Rb6 37. Ke2 Kf7 38. g3 h5 39. gxf4 hxg4 40. hxg4 Ke6 41. Kxe3 Kd6 42. Kd4 g6 43. Rb2 Rb7 44. b6 Kc6 45. Rc2+ Kd6 46. Rb2 Kc6 47. Kc4 g5 48. f5 Rb8 49. b7 Kd6 50. Rb6+ Ke5 51. Kc5 Kf4 52. Rb4+ 1-0

[Event "Lanaudiere"]
[Site "Repentigny CAN"]
[Date "2008.08.15"]
[Round "1"]
[White "Trinh, Tri Bao"]
[Black "Ramaswamy, Kiran"]
[Result "1-0"]
[WhiteElo "2089"]
[BlackElo "1801"]
[PlyCount "48"]
[GameId "2160767910336653"]
[EventDate "2008.08.15"]
[EventType "swiss"]
[EventRounds "5"]
[EventCountry "CAN"]
[SourceTitle "FQE 04"]

1. c4 e5 2. Nc3 Nc6 3. g3 g6 4. Bg2 Bg7 5. Nf3 Nge7 6. O-O O-O 7. d3 d6 8. Rb1 f5 9. Bd2 h6 10. b4 g5 11. b5 Nb8 12. Ne1 Ng6 13. e3 Nd7 14. Nd5 Nc5 15. f4 gxf4 16. exf4 e4 17. Be3 Re8 18. Qh5 Kh7 19. Bxc5 dxc5 20. dxe4 fxe4 21. f5 Bd4+ 22. Kh1 Nf8 23. Qf7+ Kh8 24. f6 Ne6 1-0

[Event "Lanaudiere"]
[Site "Repentigny CAN"]
[Date "2008.08.15"]
[Round "1"]
[White "Trottier, Yves"]
[Black "Millette, Sylvain"]
[Result "1-0"]
[WhiteElo "1942"]
[BlackElo "1724"]
[PlyCount "44"]
[GameId "2160767910336654"]
[EventDate "2008.08.15"]
[EventType "swiss"]
[EventRounds "5"]
[EventCountry "CAN"]
[SourceTitle "FQE 05"]

1. e4 Nf6 2. e5 Nd5 3. c4 Nb6 4. c5 Nd5 5. Nc3 e6 6. Bc4 Nxc3 7. dxc3 Nc6 8. Bf4 Bxc5 9. Qg4 g5 10. Bxg5 Rg8 11. Bxd8 Rxg4 12. Be2 Re4 13. Bxc7 Nxe5 14. f3 Nd3+ 15. Kd2 Nf2 16. fxe4 Nxh1 17. b4 Nf2 18. Bf3 Be7 19. Ke2 Nxe4 20. Bxe4 d6 21. b5 d5 22. Bxh7 f5 1-0

[Event "Lanaudiere"]
[Site "Repentigny CAN"]
[Date "2008.08.15"]
[Round "2"]
[White "Allard, Laurent"]
[Black "Jobin, Gilles G"]
[Result "1-0"]
[WhiteElo "1784"]
[BlackElo "1804"]
[PlyCount "95"]
[GameId "2160767910336655"]
[EventDate "2008.08.15"]
[EventType "swiss"]
[EventRounds "5"]
[EventCountry "CAN"]
[SourceTitle "EXT 2011"]
[Source "ChessBase"]
[SourceDate "2011.11.26"]
[SourceVersion "1"]
[SourceVersionDate "2011.11.26"]
[SourceQuality "1"]

1. e4 e5 2. Nf3 Nc6 3. Bc4 Nf6 4. d3 Bc5 5. O-O O-O 6. c3 d6 7. Bb3 Bg4 8. h3 Bh5 9. Nbd2 Qe7 10. Re1 Rad8 11. Nf1 d5 12. exd5 Nxd5 13. Ng3 Bg6 14. d4 Bb6 15. Nxe5 Nxe5 16. Rxe5 Nxc3 17. bxc3 Qxe5 18. dxe5 Rxd1+ 19. Bxd1 Re8 20. Bf4 Rd8 21. Bb3 Kf8 22. Rd1 Rxd1+ 23. Bxd1 Ba5 24. Bd2 Bb1 25. Bb3 Bd3 26. Nf1 c5 27. Ne3 b5 28. Bc2 Be2 29. f3 b4 30. cxb4 Bxb4 31. Bxb4 cxb4 32. Kf2 Bb5 33. Ke1 a5 34. Kd2 g6 35. Bd3 Bd7 36. Bc4 Bc6 37. Kd3 h5 38. Kd4 g5 39. Kc5 Bd7 40. Kb6 a4 41. Ka5 b3 42. axb3 axb3 43. Bxb3 Kg7 44. Kb6 Kg6 45. Kc7 Bb5 46. Kd6 g4 47. hxg4 hxg4 48. Nxg4 1-0

[Event "Lanaudiere"]
[Site "Repentigny CAN"]
[Date "2008.08.15"]
[Round "2"]
[White "Forget, David"]
[Black "Ramaswamy, Kishor"]
[Result "1/2-1/2"]
[WhiteElo "1949"]
[BlackElo "2185"]
[PlyCount "73"]
[GameId "2160767910336656"]
[EventDate "2008.08.15"]
[EventType "swiss"]
[EventRounds "5"]
[EventCountry "CAN"]
[SourceTitle "FQE 04"]

1. d4 d5 2. c4 e6 3. Nc3 Nf6 4. cxd5 exd5 5. Bg5 c6 6. e3 Be7 7. Bd3 Nbd7 8. Nge2 Nh5 9. Bxe7 Qxe7 10. Rb1 Nb6 11. b4 a6 12. a4 Be6 13. b5 axb5 14. axb5 c5 15. dxc5 Qxc5 16. O-O O-O 17. Qc2 Nf6 18. Ne4 Nxe4 19. Bxe4 Qxc2 20. Bxc2 Rfc8 21. Rfc1 Nc4 22. Bd3 Ne5 23. Bc2 Nc4 24. Bd3 Ra3 25. Nf4 g5 26. Nxe6 fxe6 27. Be2 b6 28. Rb2 Rc5 29. Rbc2 Nd6 30. Rxc5 bxc5 31. Rxc5 Ra1+ 32. Bf1 Nc4 33. g3 Nd2 34. Kg2 Rxf1 35. Rc2 Rd1 36. b6 Rb1 37. Rxd2 1/2-1/2

[Event "Lanaudiere"]
[Site "Repentigny CAN"]
[Date "2008.08.16"]
[Round "2"]
[White "Bolduc, Steve"]
[Black "Trinh, Tri Bao"]
[Result "1-0"]
[WhiteElo "2314"]
[BlackElo "2089"]
[PlyCount "85"]
[GameId "2160767910336657"]
[EventDate "2008.08.15"]
[EventType "swiss"]
[EventRounds "5"]
[EventCountry "CAN"]
[SourceTitle "FQE 04"]

1. d4 Nf6 2. c4 e6 3. Nc3 Bb4 4. g3 d5 5. Nf3 O-O 6. Bg2 c5 7. cxd5 Nxd5 8. Bd2 Nc6 9. Nxd5 Bxd2+ 10. Nxd2 exd5 11. dxc5 Qf6 12. O-O Qxb2 13. Qc1 Qe5 14. Re1 Bf5 15. Nf3 Qf6 16. Qf4 Qe6 17. Nd4 Nxd4 18. Qxd4 Be4 19. f3 Bg6 20. Rad1 b6 21. Rc1 Rfe8 22. h4 h6 23. Bf1 Qe3+ 24. Qxe3 Rxe3 25. c6 Rc8 26. Red1 Bf5 27. Rxd5 Be6 28. Rd2 Kf8 29. Kf2 Ra3 30. Rcc2 Rc7 31. e4 Ra5 32. f4 f6 33. f5 Bf7 34. Ke3 Be8 35. Rd6 Re5 36. Kf4 Ke7 37. Rd5 Rxd5 38. exd5 Bf7 39. Bg2 Kd6 40. Ke3 Re7+ 41. Kd4 Kc7 42. a4 Re1 43. d6+ 1-0

[Event "Lanaudiere"]
[Site "Repentigny CAN"]
[Date "2008.08.16"]
[Round "2"]
[White "Gauthier, Denis"]
[Black "Nunez-Painchaud, Raphael"]
[Result "1-0"]
[WhiteElo "1918"]
[BlackElo "1800"]
[PlyCount "51"]
[GameId "2160767910336660"]
[EventDate "2008.08.15"]
[EventType "swiss"]
[EventRounds "5"]
[EventCountry "CAN"]
[SourceTitle "FQE 04"]

1. d4 Nf6 2. c4 e6 3. Nf3 Bb4+ 4. Nbd2 O-O 5. a3 Be7 6. e4 d6 7. Bd3 Nbd7 8. b4 e5 9. Bb2 exd4 10. Nxd4 Ne5 11. Be2 Ng6 12. O-O Nd7 13. f4 Bf6 14. Qc2 a5 15. N2b3 axb4 16. axb4 Rxa1 17. Bxa1 c6 18. c5 dxc5 19. bxc5 Re8 20. e5 Be7 21. Nf5 Bf8 22. Nd6 Bxd6 23. cxd6 Nb6 24. Nc5 Nd5 25. Qd2 f6 26. Bc4 1-0

[Event "Lanaudiere"]
[Site "Repentigny CAN"]
[Date "2008.08.16"]
[Round "2"]
[White "Giroux, Robert"]
[Black "Sauve, Richard"]
[Result "1-0"]
[WhiteElo "1930"]
[BlackElo "2040"]
[PlyCount "31"]
[GameId "2160767910336661"]
[EventDate "2008.08.15"]
[EventType "swiss"]
[EventRounds "5"]
[EventCountry "CAN"]
[SourceTitle "FQE 04"]

1. e4 e6 2. d4 d5 3. Nc3 Nf6 4. Bg5 Bb4 5. exd5 Qxd5 6. Bxf6 Bxc3+ 7. bxc3 gxf6 8. Qd2 Nd7 9. c4 Qd6 10. Be2 b6 11. Bf3 Rb8 12. Rb1 O-O 13. Ne2 c5 14. Qh6 Bb7 15. Bxb7 Rxb7 16. Rb3 1-0